[Event "Lisbon Portugal op"]
[Site "Lisbon"]
[Date "2018.02.06"]
[Round "6"]
[White "Ranaldi, Lucas"]
[Black "Carpentier, Jannes"]
[Result "1-0"]
[WhiteElo "2213"]
[BlackElo "1933"]
[PlyCount "43"]
[EventDate "2018.02.03"]
[EventType "swiss"]
[EventRounds "9"]
[EventCountry "POR"]
[SourceTitle "CBM 182 Extra"]
[Source "ChessBase"]
[SourceDate "2018.02.23"]
[SourceVersion "1"]
[SourceVersionDate "2018.02.23"]
[SourceQuality "1"]

1. d4 b6 2. e4 Bb7 3. Nc3 e6 4. Nf3 Bb4 5. Bd3 Nf6 6. Nd2 Nc6 7. Ne2 d5 8. e5 Nd7 9. c3 Be7 10. 0-0 f5 11. exf6 Nxf6 12. Nf3 Bd6 13. Re1 Qd7 14. Nf4 0-0 15. Nxe6 Ne4 16. Nxf8 Rxf8 17. Ng5 Qf5 18. f3 Bc8 19. Be3 h6 20. fxe4 dxe4 21. Bxe4 Qb5 22. Qb3+ 1-0

[Event "BEL-ch op"]
[Site "Niel"]
[Date "2017.07.08"]
[Round "8"]
[White "Carpentier, Jannes"]
[Black "Akulov, Mikhail"]
[Result "1-0"]
[WhiteElo "1885"]
[BlackElo "1571"]
[PlyCount "73"]
[EventDate "2017.07.01"]
[EventType "swiss"]
[EventRounds "9"]
[EventCountry "BEL"]
[SourceTitle "EXT 2018"]
[Source "ChessBase"]
[SourceDate "2017.10.13"]
[SourceVersion "1"]
[SourceVersionDate "2017.10.13"]
[SourceQuality "1"]

1. b3 d5 2. Bb2 Nf6 3. e3 c5 4. f4 Nc6 5. Bb5 Bd7 6. Nf3 e6 7. 0-0 Bd6 8. Bxc6 Bxc6 9. Ne5 0-0 10. Rf3 Nd7 11. Ng4 f6 12. Rh3 e5 13. f5 d4 14. Qe1 Rf7 15. e4 b5 16. d3 a5 17. Qg3 Kh8 18. Qh4 Nf8 19. Nd2 Qc7 20. a4 b4 21. Nc4 Be7 22. Rf1 Bd8 23. Bc1 Be8 24. Rff3 Ra7 25. Nf2 Rd7 26. Rfg3 Rb7 27. Rf3 Ra7 28. g4 g5 29. fxg6 Nxg6 30. Qh6 Rg7 31. Rhg3 Ra6 32. h4 Nf4 33. Bxf4 Rg6 34. Qf8+ Rg8 35. Bxe5 fxe5 36. Qf5 Bxh4 37. Rh3 1-0

[Event "BEL-ch op"]
[Site "Niel"]
[Date "2017.07.02"]
[Round "2"]
[White "Carpentier, Jannes"]
[Black "De Schepper, Marcel"]
[Result "1-0"]
[WhiteElo "1885"]
[BlackElo "1633"]
[PlyCount "93"]
[EventDate "2017.07.01"]
[EventType "swiss"]
[EventRounds "9"]
[EventCountry "BEL"]
[SourceTitle "EXT 2018"]
[Source "ChessBase"]
[SourceDate "2017.10.13"]
[SourceVersion "1"]
[SourceVersionDate "2017.10.13"]
[SourceQuality "1"]

1. b3 e5 2. Bb2 Nc6 3. e3 d6 4. g3 Nf6 5. Bg2 Be7 6. Ne2 0-0 7. 0-0 Be6 8. c4 d5 9. cxd5 Bxd5 10. d4 Bxg2 11. Kxg2 exd4 12. Nxd4 Nxd4 13. exd4 Nd5 14. Nd2 c6 15. Re1 Bf6 16. Ne4 Rb8 17. Qc2 Re8 18. Rad1 Be7 19. Nc5 Bf6 20. Qf5 Qc7 21. h4 g6 22. Qf3 Rbd8 23. h5 Bg7 24. Ne4 Qd7 25. Nc5 Qc7 26. Rh1 Rd6 27. Bc1 b6 28. Ne4 Rde6 29. Ng5 Rf6 30. Qg4 h6 31. Nf3 gxh5 32. Qxh5 Qc8 33. Ne5 Ree6 34. Rh4 Qb7 35. f3 Qa6 36. Rd2 Ne3+ 37. Kf2 Qf1+ 38. Kxe3 Qxc1 39. Rh1 Qa3 40. g4 Qe7 41. f4 Rd6 42. g5 Rfe6 43. Qg4 c5 44. gxh6 Rg6 45. h7+ Kh8 46. Qc8+ Rd8 47. Qxd8+ 1-0

[Event "BEL-ch U20"]
[Site "Blankenberge"]
[Date "2017.04.12"]
[Round "5"]
[White "Beukema, Louise"]
[Black "Carpentier, Jannes"]
[Result "0-1"]
[WhiteElo "1439"]
[BlackElo "1849"]
[PlyCount "70"]
[EventDate "2017.04.09"]
[EventType "swiss"]
[EventRounds "9"]
[EventCountry "BEL"]
[SourceTitle "CBM 178 Extra"]
[Source "ChessBase"]
[SourceDate "2017.06.22"]
[SourceVersion "1"]
[SourceVersionDate "2017.06.22"]
[SourceQuality "1"]

1. e4 b6 2. d4 Bb7 3. Bd3 e6 4. Qe2 Nf6 5. Nf3 c5 6. d5 d6 7. 0-0 e5 8. h3 Be7 9. Nh2 0-0 10. c4 Bc8 11. a3 a5 12. Ra2 Bd7 13. f4 Ne8 14. Nd2 exf4 15. Ndf3 Bf6 16. Bxf4 Qe7 17. e5 dxe5 18. Qe4 g6 19. d6 Nxd6 20. Qe2 exf4 21. Qd2 Qe3+ 22. Kh1 Nf5 23. Ng4 Ng3+ 24. Kh2 Nxf1+ 25. Bxf1 Qxd2 26. Nxf6+ Kg7 27. Nh5+ gxh5 28. Nxd2 Bc6 29. Be2 Nd7 30. Bxh5 Ne5 31. b3 Rad8 32. Be2 Rfe8 33. Kg1 Re6 34. Rb2 Rg6 35. Bf1 Rxd2 0-1

[Event "Brasschaat op 16th"]
[Site "Brasschaat"]
[Date "2016.08.21"]
[Round "2"]
[White "Carpentier, Jannes"]
[Black "Dgebuadze, Alexandre"]
[Result "0-1"]
[WhiteElo "1893"]
[BlackElo "2498"]
[PlyCount "84"]
[EventDate "2016.08.20"]
[EventType "swiss"]
[EventRounds "9"]
[EventCountry "BEL"]
[SourceTitle "CBM 174 Extra"]
[Source "ChessBase"]
[SourceDate "2016.10.10"]
[SourceVersion "1"]
[SourceVersionDate "2016.10.10"]
[SourceQuality "1"]

1. b3 f5 2. Bb2 Nf6 3. Bxf6 exf6 4. c4 d5 5. cxd5 Qxd5 6. Nc3 Qa5 7. e3 Bb4 8. Qc2 Nc6 9. Nf3 Bd7 10. Be2 g5 11. 0-0 g4 12. Ne1 0-0-0 13. Nd3 f4 14. Nxf4 Bf5 15. e4 Nd4 16. Qb2 Qe5 17. Nd3 Nxe2+ 18. Nxe2 Qxb2 19. Nxb2 Bxe4 20. Ng3 Bg6 21. Nc4 b5 22. Ne3 h5 23. Rac1 Kb7 24. Rfd1 Bxd2 25. Rc5 Bxe3 26. Rxd8 Rxd8 27. fxe3 Rd1+ 28. Kf2 Kb6 29. b4 Rd2+ 30. Kg1 Rxa2 31. Nxh5 Bxh5 32. Rxh5 Rb2 33. Rf5 Rxb4 34. Rxf6+ c6 35. Rf1 a5 36. Re1 a4 37. e4 a3 38. Ra1 Ra4 39. e5 a2 40. e6 Kc7 41. e7 Kd7 42. Re1 Ke8 0-1

[Event "BEL-ch U18"]
[Site "Blankenberge"]
[Date "2015.04.14"]
[Round "4"]
[White "Chaerle, Josse"]
[Black "Carpentier, Jannes"]
[Result "1/2-1/2"]
[WhiteElo "1777"]
[BlackElo "1841"]
[PlyCount "25"]
[EventDate "2015.04.12"]
[EventType "swiss"]
[EventRounds "9"]
[EventCountry "BEL"]
[SourceTitle "CBM 166 Extra"]
[Source "ChessBase"]
[SourceDate "2015.06.18"]
[SourceVersion "1"]
[SourceVersionDate "2015.06.18"]
[SourceQuality "1"]

1. d4 g6 2. e4 Bg7 3. Nc3 d6 4. Be3 a6 5. f4 Nd7 6. Nf3 b5 7. Bd3 Bb7 8. e5 Rc8 9. 0-0 c5 10. dxc5 dxe5 11. Nxe5 Nxc5 12. Bxc5 Rxc5 13. Be4 1/2-1/2

[Event "NED-ch U16 op"]
[Site "Borne"]
[Date "2013.08.08"]
[Round "6"]
[White "Carpentier, Jannes"]
[Black "Borm, Bart"]
[Result "0-1"]
[WhiteElo "1581"]
[BlackElo "1393"]
[PlyCount "78"]
[EventDate "2013.08.05"]
[EventType "swiss"]
[EventRounds "9"]
[EventCountry "NED"]
[SourceTitle "EXT 2015"]
[Source "ChessBase"]
[SourceDate "2014.11.20"]
[SourceVersion "1"]
[SourceVersionDate "2014.11.20"]
[SourceQuality "1"]

1. b3 b6 2. Bb2 Bb7 3. e3 e6 4. Nf3 f6 5. c4 g6 6. d4 d5 7. Bd3 Nd7 8. Nbd2 c5 9. Qc2 Rc8 10. 0-0 Ne7 11. Rac1 Bg7 12. e4 0-0 13. Rfe1 f5 14. exd5 exd5 15. Ng5 Rc6 16. Ne6 Rxe6 17. Rxe6 cxd4 18. Nf3 Nc5 19. Ree1 Nc6 20. cxd5 Nb4 21. Qd2 Nbxd3 22. b4 Nxe1 23. Rxe1 Ne4 24. Qd3 Qxd5 25. a3 Rd8 26. Rc1 Ng5 27. Ne1 Re8 28. f3 Re3 29. Qd2 Ba6 30. Nc2 Re2 31. Qxg5 d3 32. Ne3 Bd4 33. Kh1 Bxe3 34. Qf6 Rxb2 35. Qxb2 Bxc1 36. Qxc1 d2 37. Qd1 Be2 38. Qxe2 d1Q+ 39. Qxd1 Qxd1# 0-1

[Event "NED-ch U16 op"]
[Site "Borne"]
[Date "2013.08.05"]
[Round "1"]
[White "Carpentier, Jannes"]
[Black "Kootstra, Anneke"]
[Result "1-0"]
[WhiteElo "1581"]
[BlackElo "1002"]
[PlyCount "95"]
[EventDate "2013.08.05"]
[EventType "swiss"]
[EventRounds "9"]
[EventCountry "NED"]
[SourceTitle "EXT 2015"]
[Source "ChessBase"]
[SourceDate "2014.11.20"]
[SourceVersion "1"]
[SourceVersionDate "2014.11.20"]
[SourceQuality "1"]

1. b3 e5 2. Bb2 Nc6 3. e3 d6 4. c4 Be6 5. Nf3 Nf6 6. d4 exd4 7. exd4 d5 8. Be2 Bd6 9. 0-0 0-0 10. Nc3 Ne7 11. Ng5 h6 12. Nxe6 fxe6 13. Bg4 Nxg4 14. Qxg4 Rf6 15. Rfe1 Qd7 16. cxd5 c6 17. dxe6 Qc7 18. Qh3 Raf8 19. Re2 Ng6 20. g3 Rf5 21. Ne4 c5 22. dxc5 Bxc5 23. Rc1 Qb6 24. Nxc5 Rxc5 25. Rxc5 Qxc5 26. Qg4 Kh7 27. Qe4 b6 28. Qb7 Qe7 29. Qxe7 Nxe7 30. Ba3 Re8 31. Bxe7 Rxe7 32. f4 Kg6 33. g4 Kf6 34. f5 h5 35. h3 hxg4 36. hxg4 g6 37. Rf2 gxf5 38. gxf5 Rg7+ 39. Kf1 Rc7 40. Ke2 Rc5 41. Kd3 a5 42. Ke4 Re5+ 43. Kd4 Rc5 44. a3 Rb5 45. Rf3 a4 46. b4 Re5 47. Re3 Rxe3 48. Kxe3 1-0